Steven Universe - The Jam Song - Lyrics Quiz - Statistics

General Stats
  • This quiz has been taken 10 times
  • The average score is 64 of 79
Answer Stats
Character Lyrics % Correct
and
89%
and
89%
Steven Universe And
89%
and
89%
best
89%
deserves.
89%
do
89%
give
89%
I'll
89%
I'll
89%
I'm
89%
it
89%
it
89%
jam
89%
jam
89%
jam
89%
jam
89%
jamming
89%
me!
89%
me!
89%
me!
89%
my
89%
on
89%
on
89%
on
89%
on
89%
preserves!
89%
sweetness
89%
tasty
89%
Steven Universe The
89%
the
89%
the
89%
these
89%
this
89%
this
89%
this
89%
this
89%
to
89%
with
89%
with
89%
with
89%
any
78%
Come
78%
Come
78%
come
78%
fine,
78%
fresh,
78%
harmony,
78%
is
78%
is
78%
keep
78%
or
78%
or
78%
see.
78%
share
78%
share
78%
share
78%
strawberry,
78%
sun
78%
up
78%
we
78%
we're
78%
you
78%
above
67%
are
67%
bright,
67%
clean,
67%
in
67%
Both Ingredients
67%
kind
67%
mix
67%
our
67%
Connie Maheswaran Peach
67%
perfectly,
67%
plum
67%
sea.
67%
shirts
67%
sitting
67%
together
67%
No matching quizzes found
Score Distribution
Percent of People with Each Score
Percentile by Number Answered
Your Score History
You have not taken this quiz